Defibrilátory

Bibliographic Details
Main Author: Chmelař, Milan (Author)
Format: Article
Language:Czech
PhysicalDescription:Grafy 5, obr. 1, res. angl., čes., lit. 5 zázn. v angl., ruš.
ISSN:0301-5491
Subjects:

MARC

LEADER 00000nab a2200000 a 4500
001 vtls000586648
003 SK-MaSNL
005 20260303011528.0
008 220422c1995 xo 0 cze
015 |a SNBRB19rr/mm-uuuuu 
035 |a CL0586787 
040 |a SNKBUCL  |b slo  |c SNKBUCL  |e AACR2 
041 0 |a cze 
044 |a xo  |c SK 
080 |a 615.817  |2 1981 
100 1 |a Chmelař, Milan  |4 aut  |9 280418 
245 1 0 |a Defibrilátory  |c Milan Chmelař 
300 |b Grafy 5, obr. 1, res. angl., čes., lit. 5 zázn. v angl., ruš. 
650 0 7 |a defibrilátory  |2 snkbucl  |9 869338 
655 7 |a články z novín a časopisov  |2 snkbucl  |9 267496 
773 0 |t Lékař a technika  |g Roč. 26, č. 1 (1995), s. 16-19  |x 0301-5491 
850 |a Slovenská národná knižnica v Martine  |a MTA001 
852 |a SNK  |b KIS3GCP 
958 |a NB 
958 |a RK 
958 |a ME 
992 |a RBX 
999 |c 1592613  |d 1594543